000 00854nam a2200229Ii 4500
003 JO-AjNU
008 230605s9999||||xx |||||||||||||| ||und||
017 _a2008/5/1508
020 _a978-9957-33-150-4
040 _aJO-AjNU
_bara
_erda
_cJO-AjNU
041 _aara
050 1 4 _aHF5415 .1265.N27.2009
100 3 _aالطائي،يوسف حجيم سلطان/هاشم فوزي دباس العبادي,
_eauthor
_928794
245 0 0 _aالتسويق الالكتروني
250 _aط1
264 3 1 _aعمان:مؤسسة الوراق للنشر والتوزيع؛2009
300 _a436ص
_bيحتوي على ببلوغرافية من ص416-436ص
336 _atext
_btxt
_2rdacontent
337 _aunmediated
_bn
_2rdamedia
338 _avolume
_bnc
_2rdacarrier
650 4 _aالتسويق الالكتروني-ادارة المبيعات
_928795
999 _aA11212
_c14780
_d14780